000 00589nam a22001937a 4500
005 20240808110049.0
008 240808b |||||||| |||| 00| 0 eng d
020 _a978-81-265-2951-3
082 _a621.3
_bJEG-B
100 _aJegathesan, V.
245 _aBasic Electrical and Electronics Engineering /
_cby V. Jegathesan, K. Vinoth Kumar and R. Sarvanakumar
260 _aIndia :
_bWiley ;
_c2011 .
300 _axxiv, 526 p. :
_b23 cm.
500 _aInclude Index.
650 _aElectrical/Engineering
700 _aKumar, K. Vinoth
700 _aKumar, R. Saravana
999 _c36335
_d36335